[Event "100th anniversary Efim Geller Blitz"]
[Site "Odesa"]
[Date "2025.11.29"]
[Round "6.3"]
[White "Golubev, Mikhail"]
[Black "Bagiryan, Vigen"]
[Result "1-0"]
[WhiteElo "2334"]
[BlackElo "2132"]
[Annotator "IA Prokhorov Oleksandr"]
[PlyCount "41"]
[EventDate "2025.11.29"]
[EventType "swiss (blitz)"]
[EventRounds "11"]
[EventCountry "UKR"]

1. e4 c5 2. Nf3 Nc6 3. Nc3 g6 4. d4 cxd4 5. Nxd4 Bg7 6. Be3 Nf6 7. Nxc6 dxc6 8.
Qxd8+ Kxd8 9. O-O-O+ Ke8 10. h3 Be6 11. f4 b6 12. g4 Rd8 13. Bg2 Rc8 14. f5 Bc4
15. Rd4 Ba6 16. Rhd1 gxf5 17. gxf5 Nh5 18. e5 Bxe5 19. Bxc6+ Kf8 20. Bh6+ Ng7
21. Rd8+ 1-0

[Event "100th anniversary Efim Geller Blitz"]
[Site "Odesa"]
[Date "2025.11.29"]
[Round "6.4"]
[White "Tobak, Mikhail"]
[Black "Dovzhenko, Viktor"]
[Result "1-0"]
[WhiteElo "2299"]
[BlackElo "2058"]
[Annotator "IA Prokhorov Oleksandr"]
[PlyCount "102"]
[EventDate "2025.11.29"]
[EventType "swiss (blitz)"]
[EventRounds "11"]
[EventCountry "UKR"]

1. e4 d6 2. d4 c6 3. Nc3 g6 4. a4 a5 5. g3 Bg7 6. Bg2 Nf6 7. Nge2 O-O 8. h3
Nbd7 9. O-O e5 10. Be3 Re8 11. g4 Qc7 12. Ng3 Nb6 13. dxe5 dxe5 14. g5 Nfd7 15.
b3 Bf8 16. h4 Nc5 17. f4 exf4 18. Bxf4 Qe7 19. Qf3 Bg7 20. Bd6 Qe6 21. Bxc5 Nd7
22. Bf2 Ne5 23. Qe3 Ng4 24. Qe1 Nxf2 25. Rxf2 Bd4 26. Kh2 Qg4 27. Rd1 Bxc3 28.
Qxc3 Qxd1 29. Qf6 Be6 30. Bh3 Qd7 31. Nf5 Bxf5 32. exf5 Qe7 33. fxg6 Qxf6 34.
gxh7+ Kxh7 35. Rxf6 Re2+ 36. Kg3 Kg7 37. Bf5 Rae8 38. Bd3 R2e3+ 39. Kf2 Rh3 40.
Rf4 Re5 41. Kg2 Rhe3 42. Rf6 Re1 43. Kg3 R1e3+ 44. Kf4 Re1 45. h5 Re7 46. h6+
Kh8 47. Rd6 Re8 48. Rd7 R1e7 49. Rd6 Re5 50. h7 Kg7 51. Rh6 R5e7 {time} 1-0

[Event "100th anniversary Efim Geller Blitz"]
[Site "Odesa"]
[Date "2025.11.29"]
[Round "6.5"]
[White "Bliumberg, Vladislav"]
[Black "Oyberman, Mikhail"]
[Result "0-1"]
[WhiteElo "2159"]
[BlackElo "2102"]
[Annotator "IA Prokhorov Oleksandr"]
[PlyCount "96"]
[EventDate "2025.11.29"]
[EventType "swiss (blitz)"]
[EventRounds "11"]
[EventCountry "UKR"]

1. e4 e5 2. Nf3 Nc6 3. Bc4 Nf6 4. d3 Be7 5. O-O O-O 6. c3 d6 7. Nbd2 Na5 8. Bb5
a6 9. Ba4 b5 10. Bc2 c5 11. Qe2 Nc6 12. Rd1 Qc7 13. Nf1 Re8 14. h3 Bf8 15. a4
Be6 16. Ng3 d5 17. Ng5 dxe4 18. dxe4 Bc4 19. Qf3 bxa4 20. h4 h6 21. Nh3 Bb3 22.
Bxb3 axb3 23. Bxh6 Rad8 24. Rxd8 Rxd8 25. Bg5 Qd6 26. Bxf6 Qxf6 27. Qxf6 gxf6
28. Rxa6 Nb8 29. Ra8 Rd1+ 30. Kh2 Nd7 31. Nf5 Rd2 32. Ne7+ Kg7 33. Nf5+ Kh7 34.
Rd8 c4 35. Ng1 Kg8 36. Nf3 Rxb2 37. Rxd7 Rc2 38. Rb7 Rxc3 39. Ne3 Bc5 40. Rb8+
Kh7 41. Nxc4 Rxc4 42. Rxb3 Rxe4 43. Kg3 Re2 44. Rb7 Bxf2+ 45. Kg4 Re4+ 46. Kh5
Kg7 47. g4 Re3 48. Nd2 Rh3 0-1

[Event "100th anniversary Efim Geller Blitz"]
[Site "Odesa"]
[Date "2025.11.29"]
[Round "6.6"]
[White "Budnikov, Oleg"]
[Black "Vasilyev, Mikhail"]
[Result "1-0"]
[WhiteElo "2376"]
[BlackElo "2091"]
[Annotator "IA Prokhorov Oleksandr"]
[PlyCount "53"]
[EventDate "2025.11.29"]
[EventType "swiss (blitz)"]
[EventRounds "11"]
[EventCountry "UKR"]

1. e4 c5 2. Nf3 Nc6 3. Nc3 g6 4. d4 cxd4 5. Nxd4 Bg7 6. Be3 Nf6 7. Nb3 O-O 8.
Be2 d6 9. f4 a6 10. g4 b5 11. g5 Nd7 12. h4 Nb6 13. h5 b4 14. Nd5 Nxd5 15. Qxd5
Bb7 16. hxg6 hxg6 17. O-O-O Nd4 18. Qxb7 Nxe2+ 19. Kb1 Ng3 20. Rh3 Nxe4 21.
Qxe4 a5 22. Rdh1 a4 23. Nd4 d5 24. Qg2 b3 25. Rh8+ Bxh8 26. Qh2 bxc2+ 27. Kc1
1-0

[Event "100th anniversary Efim Geller Blitz"]
[Site "Odesa"]
[Date "2025.11.29"]
[Round "6.7"]
[White "Makarov, V."]
[Black "Ahniannykov, Danylo"]
[Result "1-0"]
[WhiteElo "2270"]
[BlackElo "2067"]
[Annotator "IA Prokhorov Oleksandr"]
[PlyCount "71"]
[EventDate "2025.11.29"]
[EventType "swiss (blitz)"]
[EventRounds "11"]
[EventCountry "UKR"]

1. e4 e6 2. d4 d5 3. Nd2 a6 4. Bd3 c5 5. exd5 exd5 6. c3 Nc6 7. Ngf3 Nf6 8. O-O
cxd4 9. Nxd4 Be7 10. N2f3 O-O 11. Re1 Bg4 12. h3 Bxf3 13. Qxf3 Nxd4 14. cxd4
Bb4 15. Re5 h6 16. Rf5 Ne4 17. Be3 Qd7 18. Bxe4 dxe4 19. Qxe4 Rac8 20. Qg4 Qe6
21. d5 Qg6 22. Qf3 Rc2 23. a3 Bd6 24. b4 Rfc8 25. h4 R2c3 26. h5 Qh7 27. Rxf7
Qd3 28. g3 Rf8 29. Rxf8+ Bxf8 30. Qg4 Qxd5 31. Rd1 Qf7 32. Rd8 Rc4 33. Qe2 Kh7
34. Qd3+ Kg8 35. Bc5 Rc1+ 36. Kg2 1-0

[Event "100th anniversary Efim Geller Blitz"]
[Site "Odesa"]
[Date "2025.11.29"]
[Round "6.8"]
[White "Garsky, Vladyslav"]
[Black "Biliy, Vadim"]
[Result "1-0"]
[WhiteElo "2176"]
[BlackElo "2056"]
[Annotator "IA Prokhorov Oleksandr"]
[PlyCount "91"]
[EventDate "2025.11.29"]
[EventType "swiss (blitz)"]
[EventRounds "11"]
[EventCountry "UKR"]

1. e4 d6 2. d4 Nf6 3. Bd3 e5 4. Nf3 exd4 5. Nxd4 g6 6. O-O Bg7 7. Nc3 O-O 8. h3
Nc6 9. Nxc6 bxc6 10. Bg5 Rb8 11. Rb1 h6 12. Bh4 g5 13. Bg3 Nd7 14. f4 Nc5 15.
Qh5 Nxd3 16. cxd3 Ba6 17. Qf3 Qf6 18. Ne2 Rxb2 19. e5 dxe5 20. Rxb2 exf4 21.
Rd2 Rd8 22. Bf2 Qe6 23. Rc1 Bb5 24. Nc3 Bxc3 25. Rxc3 Qe5 26. Rc1 a5 27. Re1
Qf6 28. Qe4 a4 29. d4 Bc4 30. Qe7 Qxe7 31. Rxe7 Be6 32. Rxc7 Bd5 33. Re2 f3 34.
gxf3 Bxf3 35. Ree7 Bd5 36. Bg3 Bxa2 37. Be5 Bd5 38. Ra7 Bb3 39. Reb7 Re8 40.
Rb8 Rxb8 41. Bxb8 Kg7 42. Be5+ Kg6 43. Ra6 f6 44. Rxc6 a3 45. Rxf6+ Kh5 46. Ra6
1-0

[Event "100th anniversary Efim Geller Blitz"]
[Site "Odesa"]
[Date "2025.11.29"]
[Round "6.9"]
[White "Gorbunov, Igor"]
[Black "Alexikov, Alexander"]
[Result "0-1"]
[WhiteElo "2018"]
[BlackElo "2159"]
[Annotator "IA Prokhorov Oleksandr"]
[PlyCount "104"]
[EventDate "2025.11.29"]
[EventType "swiss (blitz)"]
[EventRounds "11"]
[EventCountry "UKR"]

1. d4 Nf6 2. c4 g6 3. Nc3 Bg7 4. e4 d6 5. h3 c5 6. Nf3 cxd4 7. Nxd4 Nc6 8. Nc2
O-O 9. Be2 b6 10. O-O Bb7 11. Be3 Rc8 12. b3 Ne5 13. f4 Ned7 14. Bd4 e5 15.
fxe5 dxe5 16. Be3 Nxe4 17. Nd5 Bxd5 18. Qxd5 Nc3 19. Qd2 Nxe2+ 20. Qxe2 Qe7 21.
Rad1 Nc5 22. Rd5 Rfd8 23. Rfd1 Rxd5 24. Rxd5 Ne6 25. Qd3 Rc7 26. a4 f5 27. a5
bxa5 28. Rxa5 e4 29. Qd5 Rd7 30. Qa8+ Kf7 31. Rxa7 Rxa7 32. Qxa7 f4 33. Qxe7+
Kxe7 34. Bb6 Kd6 35. b4 e3 36. Kf1 Ke5 37. Ke2 Ke4 38. b5 g5 39. Ba7 h5 40. b6
Nd8 41. Bb8 Nb7 42. Na3 g4 43. hxg4 hxg4 44. Nb5 f3+ 45. Ke1 Be5 46. gxf3+ gxf3
47. Bxe5 Kxe5 48. Nc3 Kd4 49. Nd1 Nc5 50. Nxe3 Kxe3 51. Kf1 f2 52. b7 Nxb7 0-1

[Event "100th anniversary Efim Geller Blitz"]
[Site "Odesa"]
[Date "2025.11.29"]
[Round "6.10"]
[White "Shton, Roman"]
[Black "Chepil, Olexandr"]
[Result "1-0"]
[WhiteElo "2119"]
[BlackElo "1908"]
[Annotator "IA Prokhorov Oleksandr"]
[PlyCount "59"]
[EventDate "2025.11.29"]
[EventType "swiss (blitz)"]
[EventRounds "11"]
[EventCountry "UKR"]

1. d4 d5 2. Nf3 Nf6 3. g3 e6 4. Bg2 Be7 5. O-O O-O 6. c4 c6 7. Qc2 b6 8. Nbd2
Bb7 9. e4 dxe4 10. Nxe4 c5 11. Nxf6+ Bxf6 12. Ng5 g6 13. Bxb7 Nd7 14. Bxa8 Qxa8
15. Qe4 Qd8 16. Nf3 cxd4 17. b4 Qc7 18. Bh6 Rd8 19. Rac1 Qd6 20. a3 a5 21. Rb1
Nb8 22. Rfd1 Nc6 23. b5 Ne7 24. Rd3 Rc8 25. Rc1 Nf5 26. Bf4 Qc5 27. Be5 Bxe5
28. Qxe5 Qxe5 29. Nxe5 Nd6 30. Nc6 1-0

[Event "100th anniversary Efim Geller Blitz"]
[Site "Odesa"]
[Date "2025.11.29"]
[Round "7.1"]
[White "Golubev, Mikhail"]
[Black "Kislinsky, Alexey"]
[Result "1/2-1/2"]
[WhiteElo "2334"]
[BlackElo "2316"]
[Annotator "IA Prokhorov Oleksandr"]
[PlyCount "56"]
[EventDate "2025.11.29"]
[EventType "swiss (blitz)"]
[EventRounds "11"]
[EventCountry "UKR"]

1. e4 c5 2. Nf3 d6 3. d4 cxd4 4. Nxd4 Nf6 5. Nc3 g6 6. Be3 Nc6 7. f3 h5 8. Bc4
Bg7 9. Bb3 Bd7 10. h3 Na5 11. Qd3 a6 12. O-O-O Qc7 13. g4 Nxb3+ 14. axb3 Bc6
15. Kb1 Rc8 16. Nxc6 bxc6 17. Bd4 e5 18. Be3 hxg4 19. hxg4 Rxh1 20. Rxh1 a5 21.
Rd1 Bf8 22. Bg5 Nd7 23. Rh1 Nc5 24. Qd2 Ne6 25. Bf6 Be7 26. Bxe7 Kxe7 27. Na4
Rb8 28. Qc3 Rc8 1/2-1/2

[Event "100th anniversary Efim Geller Blitz"]
[Site "Odesa"]
[Date "2025.11.29"]
[Round "7.2"]
[White "Snigurov, Maxim"]
[Black "Lyakh, Vasiliy"]
[Result "1-0"]
[WhiteElo "2359"]
[BlackElo "2329"]
[Annotator "IA Prokhorov Oleksandr"]
[PlyCount "105"]
[EventDate "2025.11.29"]
[EventType "swiss (blitz)"]
[EventRounds "11"]
[EventCountry "UKR"]

1. b3 d5 2. Bb2 Bf5 3. Nf3 e6 4. g3 Nf6 5. Bg2 Be7 6. d3 O-O 7. Nh4 Bg4 8. h3
Bh5 9. g4 Bg6 10. Nxg6 hxg6 11. Nd2 Nc6 12. e3 a5 13. a3 Nh7 14. Nf3 Bf6 15. d4
Ng5 16. Ne5 Ne4 17. Nxc6 bxc6 18. Bxe4 dxe4 19. f3 Bh4+ 20. Kf1 f5 21. f4 g5
22. Kg2 a4 23. b4 gxf4 24. exf4 Qd5 25. g5 g6 26. Qe2 e3+ 27. Qf3 Qc4 28. Rac1
e2 29. Bc3 Rad8 30. Qd3 Qd5+ 31. Qf3 Qc4 32. Qd3 Qd5+ 33. Kh2 e5 34. dxe5 Qxd3
35. cxd3 Rxd3 36. Be1 Bxe1 37. Rhxe1 Rxa3 38. Rxe2 Kf7 39. Rxc6 Rh8 40. e6+ Ke7
41. Rxc7+ Kd6 42. Rd7+ Kc6 43. b5+ Kxb5 44. e7 Rhxh3+ 45. Kg2 Rag3+ 46. Kf2
Rf3+ 47. Ke1 Re3 48. Kd2 Rxe2+ 49. Kxe2 Rh2+ 50. Kd3 Rh3+ 51. Kd4 Rh8 52. Rd8
Rh1 53. e8=Q+ 1-0

[Event "100th anniversary Efim Geller Blitz"]
[Site "Odesa"]
[Date "2025.11.29"]
[Round "7.3"]
[White "Starozhilov, Leonid"]
[Black "Tobak, Mikhail"]
[Result "1/2-1/2"]
[WhiteElo "2303"]
[BlackElo "2299"]
[Annotator "IA Prokhorov Oleksandr"]
[PlyCount "65"]
[EventDate "2025.11.29"]
[EventType "swiss (blitz)"]
[EventRounds "11"]
[EventCountry "UKR"]

1. e4 e5 2. Nf3 Nc6 3. Nc3 Nf6 4. Bb5 Nd4 5. O-O Nxb5 6. Nxb5 c6 7. Nc3 d6 8.
d4 Qc7 9. h3 b5 10. a3 Be7 11. Bg5 O-O 12. d5 a6 13. dxc6 Qxc6 14. Bxf6 Bxf6
15. Nd5 Bd8 16. Re1 Be6 17. Qd3 Rc8 18. c3 Bxd5 19. exd5 Qd7 20. a4 f5 21. Qe2
Qb7 22. axb5 axb5 23. Red1 b4 24. c4 h6 25. b3 Bb6 26. Ra4 Bc5 27. Ne1 e4 28.
Nc2 Ra8 29. Rda1 Rxa4 30. Rxa4 Ra8 31. Rxa8+ Qxa8 32. Qh5 Qa2 33. Qxf5 1/2-1/2

[Event "100th anniversary Efim Geller Blitz"]
[Site "Odesa"]
[Date "2025.11.29"]
[Round "7.4"]
[White "Oyberman, Mikhail"]
[Black "Makarov, V."]
[Result "0-1"]
[WhiteElo "2102"]
[BlackElo "2270"]
[Annotator "IA Prokhorov Oleksandr"]
[PlyCount "110"]
[EventDate "2025.11.29"]
[EventType "swiss (blitz)"]
[EventRounds "11"]
[EventCountry "UKR"]

1. e4 c6 2. d4 d5 3. exd5 cxd5 4. Nf3 Nc6 5. c4 Nf6 6. Nc3 e6 7. Bd3 dxc4 8.
Bxc4 Be7 9. O-O Nb4 10. Qe2 O-O 11. Rd1 b6 12. Bg5 Bb7 13. a3 Nbd5 14. Re1 Rc8
15. Bd2 Nxc3 16. Bxc3 Bxf3 17. gxf3 Nd5 18. Bd2 Bd6 19. Bxd5 Qh4 20. f4 exd5
21. Qf3 Rc2 22. Be3 Rxb2 23. Rac1 Bxa3 24. Qxd5 Qg4+ 25. Kh1 Be7 26. Rg1 Qe6
27. Qg2 g6 28. d5 Qf5 29. Qf3 Rd8 30. Rgd1 Bd6 31. Ra1 a5 32. Rac1 Rb5 33. Rc6
Bc5 34. Bc1 Rb1 35. d6 Bxd6 36. Rcxd6 Rxd6 37. Rxd6 Rxc1+ 38. Kg2 Rc4 39. Rxb6
Rxf4 40. Rb8+ Kg7 41. Qc3+ Kh6 42. f3 Qg5+ 43. Kf2 Qh4+ 44. Kg2 Rf5 45. Qe3+
Rg5+ 46. Kh1 Qh3 47. Qf2 Rf5 48. Rb3 a4 49. Ra3 Rb5 50. Qe3+ Kg7 51. Qc3+ f6
52. Qc7+ Kh6 53. Qf4+ Kh5 54. Qc1 Rg5 55. Qe1 Qg2# 0-1

[Event "100th anniversary Efim Geller Blitz"]
[Site "Odesa"]
[Date "2025.11.29"]
[Round "7.5"]
[White "Bagiryan, Vigen"]
[Black "Budnikov, Oleg"]
[Result "1/2-1/2"]
[WhiteElo "2132"]
[BlackElo "2376"]
[Annotator "IA Prokhorov Oleksandr"]
[PlyCount "123"]
[EventDate "2025.11.29"]
[EventType "swiss (blitz)"]
[EventRounds "11"]
[EventCountry "UKR"]

1. e4 e5 2. Nf3 Nc6 3. Bb5 Nge7 4. O-O g6 5. d4 exd4 6. Nxd4 Bg7 7. c3 O-O 8.
Re1 Nxd4 9. cxd4 d5 10. e5 Nf5 11. Nc3 c6 12. Bd3 Nxd4 13. Bxg6 fxg6 14. Qxd4
Be6 15. Be3 b6 16. Bf4 c5 17. Qd2 Qd7 18. Bg3 h6 19. Rad1 Rad8 20. Bh4 g5 21.
Bg3 Qf7 22. a3 Bf5 23. Nb5 Qg6 24. Nxa7 d4 25. Nb5 Qc6 26. Nd6 Be6 27. Ne4 Bd5
28. f3 Rde8 29. Nd6 Re6 30. Rc1 Qa4 31. Ne4 Rf5 32. Nf6+ Bxf6 33. exf6 Rfxf6
34. Rxe6 Rxe6 35. Re1 Qd7 36. Re5 Rxe5 37. Bxe5 Qf5 38. Bc7 b5 39. h3 Qd7 40.
Bg3 Bf7 41. Qe2 d3 42. Qd2 c4 43. Bf2 Kh7 44. Bc5 Bg6 45. Bb4 Qd4+ 46. Kh1 Qe5
47. Bc3 Qe6 48. Kg1 Bf5 49. Kh2 Kg6 50. g4 Qd6+ 51. Kg2 Bd7 52. Qe3 Bc6 53. Bd2
Qf6 54. h4 Qf7 55. hxg5 Qd7 56. Kg3 Qd6+ 57. Qf4 Qxf4+ 58. Bxf4 hxg5 59. Bd2
Kf6 60. Bc3+ Ke6 61. Bd2 Kf6 62. Bc3+ 1/2-1/2

[Event "100th anniversary Efim Geller Blitz"]
[Site "Odesa"]
[Date "2025.11.29"]
[Round "7.6"]
[White "Stoliar, Volodymyr"]
[Black "Garsky, Vladyslav"]
[Result "0-1"]
[WhiteElo "1977"]
[BlackElo "2176"]
[Annotator "IA Prokhorov Oleksandr"]
[PlyCount "52"]
[EventDate "2025.11.29"]
[EventType "swiss (blitz)"]
[EventRounds "11"]
[EventCountry "UKR"]

1. d4 Nf6 2. Bf4 e6 3. e3 d5 4. Nd2 Bd6 5. Bg3 O-O 6. Ngf3 c5 7. c3 Qc7 8. Ne5
Nfd7 9. f4 f6 10. Nxd7 Bxd7 11. Bd3 Nc6 12. Qh5 f5 13. O-O a6 14. a4 c4 15. Bc2
b5 16. axb5 axb5 17. b3 b4 18. bxc4 bxc3 19. Nf3 Nb4 20. Rxa8 Rxa8 21. cxd5 g6
22. Qg5 Nxc2 23. dxe6 Bxe6 24. Qf6 Qe7 25. Qxe7 Bxe7 26. Rc1 Ra1 0-1

[Event "100th anniversary Efim Geller Blitz"]
[Site "Odesa"]
[Date "2025.11.29"]
[Round "7.7"]
[White "Alexikov, Alexander"]
[Black "Shton, Roman"]
[Result "1-0"]
[WhiteElo "2159"]
[BlackElo "2119"]
[Annotator "IA Prokhorov Oleksandr"]
[PlyCount "99"]
[EventDate "2025.11.29"]
[EventType "swiss (blitz)"]
[EventRounds "11"]
[EventCountry "UKR"]

1. e4 Nf6 2. e5 Nd5 3. d4 d6 4. Nf3 dxe5 5. Nxe5 c6 6. Bc4 Bf5 7. c3 Nd7 8. Nd3
N7b6 9. Bb3 e6 10. O-O Be7 11. Qe2 O-O 12. Nd2 Bg5 13. Ne4 Bxc1 14. Raxc1 Bxe4
15. Qxe4 Nd7 16. Rce1 Qg5 17. g3 Qg6 18. Qe2 Rfe8 19. f4 Qh6 20. Qf3 a5 21. a4
Nf8 22. Bc2 Nd7 23. Re2 N5f6 24. Rfe1 Qh5 25. Qg2 Qd5 26. Ne5 Qxg2+ 27. Kxg2
Nxe5 28. Rxe5 Red8 29. f5 exf5 30. Bxf5 g6 31. Bc2 Re8 32. Kf3 Kf8 33. g4 h6
34. h3 Nd5 35. Bb3 Nf6 36. Kg3 Nd7 37. R5e2 Nf6 38. Kf3 Rxe2 39. Rxe2 Re8 40.
Re5 Nd7 41. Rxa5 Re7 42. Kf2 Kg7 43. Bc4 Kf6 44. Ra7 Nb6 45. Bd3 Nd5 46. Bf1
Kg5 47. a5 Kf4 48. Bg2 Nf6 49. Bxc6 h5 50. gxh5 1-0

[Event "100th anniversary Efim Geller Blitz"]
[Site "Odesa"]
[Date "2025.11.29"]
[Round "7.8"]
[White "Stets, Vasyl"]
[Black "Bliumberg, Vladislav"]
[Result "0-1"]
[WhiteElo "2005"]
[BlackElo "2159"]
[Annotator "IA Prokhorov Oleksandr"]
[PlyCount "38"]
[EventDate "2025.11.29"]
[EventType "swiss (blitz)"]
[EventRounds "11"]
[EventCountry "UKR"]

1. d4 Nf6 2. c4 e5 3. dxe5 Ng4 4. Nf3 Bc5 5. e3 Nc6 6. Be2 O-O 7. O-O Re8 8.
Nc3 Ngxe5 9. b3 a5 10. a3 Nxf3+ 11. Bxf3 Ne5 12. Be2 Ra6 13. Ne4 Ba7 14. Bb2
Rh6 15. h3 d6 16. Nd2 Bxh3 17. gxh3 Qg5+ 18. Kh2 Qh4 19. Bg4 Nxg4+ 0-1

[Event "100th anniversary Efim Geller Blitz"]
[Site "Odesa"]
[Date "2025.11.29"]
[Round "7.9"]
[White "Dovzhenko, Viktor"]
[Black "Mkrtchian, Andrii"]
[Result "1-0"]
[WhiteElo "2058"]
[BlackElo "1738"]
[Annotator "IA Prokhorov Oleksandr"]
[PlyCount "71"]
[EventDate "2025.11.29"]
[EventType "swiss (blitz)"]
[EventRounds "11"]
[EventCountry "UKR"]

1. d3 c5 2. g3 d5 3. Bg2 Nc6 4. c3 e6 5. Nf3 Nf6 6. O-O Bd6 7. Nbd2 h5 8. h4
Qc7 9. e4 Bd7 10. Qe2 O-O-O 11. a3 Ng4 12. b4 f6 13. bxc5 Bxc5 14. d4 Bd6 15.
Nb3 Rdg8 16. Nc5 Bxc5 17. dxc5 Nce5 18. exd5 exd5 19. Bf4 Qxc5 20. Nxe5 fxe5
21. Bg5 Kb8 22. Rad1 Re8 23. Rxd5 Qc7 24. Rfd1 Bc6 25. Rc5 Re6 26. Bxc6 Rxc6
27. Rxc6 Qxc6 28. f3 Qc5+ 29. Kg2 Nf6 30. Be3 Qxc3 31. Rc1 Qxa3 32. Qc4 Qe7 33.
Qa4 a6 34. Qa5 Qd7 35. Qb6 Nd5 36. Qa7# 1-0

[Event "100th anniversary Efim Geller Blitz"]
[Site "Odesa"]
[Date "2025.11.29"]
[Round "7.10"]
[White "Makarov, Pavlo"]
[Black "Dovhan, Artem"]
[Result "0-1"]
[WhiteElo "1959"]
[BlackElo "2092"]
[Annotator "IA Prokhorov Oleksandr"]
[PlyCount "52"]
[EventDate "2025.11.29"]
[EventType "swiss (blitz)"]
[EventRounds "11"]
[EventCountry "UKR"]

1. d4 d5 2. c4 e5 3. dxe5 Ne7 4. e3 Nbc6 5. Nf3 Bg4 6. Be2 dxc4 7. Nbd2 b5 8.
O-O Ng6 9. a4 a6 10. h3 Bf5 11. e4 Be6 12. axb5 axb5 13. Rxa8 Qxa8 14. Ng5
Ngxe5 15. Nxe6 fxe6 16. f4 Nd7 17. Nf3 Nc5 18. e5 Be7 19. Be3 O-O 20. Kh1 Rd8
21. Qa1 Qb7 22. Rd1 Ra8 23. Qb1 Nb3 24. f5 Ra1 25. Qc2 Nb4 26. Qc3 Nd5 0-1

[Event "100th anniversary Efim Geller Blitz"]
[Site "Odesa"]
[Date "2025.11.29"]
[Round "8.1"]
[White "Kislinsky, Alexey"]
[Black "Snigurov, Maxim"]
[Result "1/2-1/2"]
[WhiteElo "2316"]
[BlackElo "2359"]
[Annotator "IA Prokhorov Oleksandr"]
[PlyCount "73"]
[EventDate "2025.11.29"]
[EventType "swiss (blitz)"]
[EventRounds "11"]
[EventCountry "UKR"]

1. e4 c5 2. c3 Nf6 3. e5 Nd5 4. Bc4 e6 5. d4 cxd4 6. cxd4 b6 7. Nf3 Ba6 8. b3
Qc8 9. O-O Bxc4 10. bxc4 Qxc4 11. Nbd2 Qd3 12. Bb2 Nc6 13. Ne1 Qg6 14. Qf3 Be7
15. Ne4 O-O 16. Rd1 f5 17. Nc3 Ncb4 18. Nd3 Nxc3 19. Bxc3 Nd5 20. Nf4 Nxf4 21.
Qxf4 Rac8 22. Rd3 Qg4 23. Qd2 Qe4 24. d5 exd5 25. Re1 Bg5 26. Qd1 Qg4 27. f3
Qc4 28. Bd4 Qc2 29. e6 dxe6 30. Rxe6 Qxa2 31. f4 Bxf4 32. Re7 Rf7 33. Rxf7 Kxf7
34. Qh5+ Kg8 35. Rd1 Qc2 36. Re1 Rf8 37. g3 1/2-1/2

[Event "100th anniversary Efim Geller Blitz"]
[Site "Odesa"]
[Date "2025.11.29"]
[Round "8.2"]
[White "Tobak, Mikhail"]
[Black "Lyakh, Vasiliy"]
[Result "0-1"]
[WhiteElo "2299"]
[BlackElo "2329"]
[Annotator "IA Prokhorov Oleksandr"]
[PlyCount "88"]
[EventDate "2025.11.29"]
[EventType "swiss (blitz)"]
[EventRounds "11"]
[EventCountry "UKR"]

1. e4 d6 2. d4 Nf6 3. Nc3 g6 4. h3 Bg7 5. g4 O-O 6. Nge2 Nc6 7. Be3 e5 8. Bg2
exd4 9. Nxd4 Bd7 10. O-O Re8 11. Nde2 Qc8 12. Ng3 h5 13. g5 Nh7 14. h4 Ne5 15.
Bd4 Bh3 16. f4 Bxg2 17. Kxg2 Nc4 18. b3 c5 19. bxc4 Bxd4 20. Nd5 Bxa1 21. Qxa1
Qg4 22. Nc7 Rxe4 23. Nxa8 Re3 24. Qe1 Rxe1 25. Rxe1 Qc8 26. Ne4 Qxa8 27. Nxd6
Kf8 28. Kg3 Qb8 29. Rd1 Ke7 30. Ne4 b6 31. Rd5 Qb7 32. Re5+ Kf8 33. f5 Qc7 34.
Kf4 gxf5 35. Kxf5 Kg7 36. Rd5 Qc8+ 37. Kf4 Qg4+ 38. Ke5 Qxh4 39. Nd6 Qxg5+ 40.
Ke4 Qg2+ 41. Ke5 Qe2+ 42. Kf4 Qf2+ 43. Ke4 Nf6+ 44. Ke5 Nxd5 0-1

[Event "100th anniversary Efim Geller Blitz"]
[Site "Odesa"]
[Date "2025.11.29"]
[Round "8.3"]
[White "Garsky, Vladyslav"]
[Black "Starozhilov, Leonid"]
[Result "0-1"]
[WhiteElo "2176"]
[BlackElo "2303"]
[Annotator "IA Prokhorov Oleksandr"]
[PlyCount "74"]
[EventDate "2025.11.29"]
[EventType "swiss (blitz)"]
[EventRounds "11"]
[EventCountry "UKR"]

1. e4 c5 2. g3 Nc6 3. Bg2 g6 4. Ne2 Bg7 5. O-O e6 6. c3 Nge7 7. d4 cxd4 8. cxd4
d5 9. exd5 Nxd5 10. Nbc3 Nxc3 11. bxc3 O-O 12. Be3 Bd7 13. Rb1 Na5 14. Qd3 Rc8
15. Rfc1 b5 16. Nf4 Nc4 17. Qe2 a6 18. Nd3 Bc6 19. Bxc6 Rxc6 20. Bf4 Rc8 21. h4
h5 22. Bg5 Qd5 23. Nb4 Qb7 24. Nd3 Rfe8 25. a4 Qd5 26. axb5 axb5 27. Nb4 Qf5
28. Qd3 Qg4 29. Qd1 Qh3 30. Qf3 e5 31. d5 e4 32. Qg2 Qf5 33. Bf4 e3 34. fxe3
Nxe3 35. Bxe3 Rxe3 36. Qf2 Qe5 37. Kg2 Re2 0-1

[Event "100th anniversary Efim Geller Blitz"]
[Site "Odesa"]
[Date "2025.11.29"]
[Round "8.4"]
[White "Makarov, V."]
[Black "Alexikov, Alexander"]
[Result "0-1"]
[WhiteElo "2270"]
[BlackElo "2159"]
[Annotator "IA Prokhorov Oleksandr"]
[PlyCount "78"]
[EventDate "2025.11.29"]
[EventType "swiss (blitz)"]
[EventRounds "11"]
[EventCountry "UKR"]

1. e4 c5 2. Nc3 Nc6 3. d3 g6 4. Be3 d6 5. g3 Bg7 6. Qd2 e5 7. Bg2 h5 8. h3 Nge7
9. f4 Nd4 10. Nf3 Bd7 11. O-O Qc8 12. Kh2 b5 13. Nd1 Nxf3+ 14. Rxf3 Qc7 15. Rf2
Rb8 16. Nc3 b4 17. Nd5 Nxd5 18. exd5 exf4 19. Bxf4 Bxb2 20. Re1+ Kf8 21. Bg5
Rh7 22. Re7 Re8 23. Rfe2 Be5 24. Rxe8+ Bxe8 25. Bf4 f6 26. d4 cxd4 27. Qxb4 Re7
28. Rf2 Kg7 29. Bxe5 fxe5 30. Be4 Rf7 31. Rxf7+ Bxf7 32. Kg2 h4 33. gxh4 Qe7
34. Kg3 Qf6 35. Qd2 Be8 36. Qg5 Bf7 37. Kg4 Qf2 38. h5 Qg1+ 39. Kh4 Qe1+ 0-1

[Event "100th anniversary Efim Geller Blitz"]
[Site "Odesa"]
[Date "2025.11.29"]
[Round "8.5"]
[White "Budnikov, Oleg"]
[Black "Fingerov, Dmitry"]
[Result "1-0"]
[WhiteElo "2376"]
[BlackElo "2242"]
[Annotator "IA Prokhorov Oleksandr"]
[PlyCount "49"]
[EventDate "2025.11.29"]
[EventType "swiss (blitz)"]
[EventRounds "11"]
[EventCountry "UKR"]

1. e4 e6 2. d4 d5 3. e5 c5 4. c3 Qa5 5. Nf3 cxd4 6. Bd3 Nc6 7. O-O dxc3 8. Nxc3
Nge7 9. Re1 Ng6 10. h4 Bb4 11. h5 Nge7 12. h6 gxh6 13. Bxh6 Nf5 14. Bxf5 exf5
15. Nxd5 Be6 16. Nf6+ Ke7 17. a3 Rhd8 18. axb4 Rxd1 19. bxa5 Rxa1 20. Rxa1 Nxe5
21. Nxe5 Kxf6 22. Bf4 Rc8 23. a6 bxa6 24. Rxa6 Rc2 25. Nf3 1-0